Tourism and politics / (Record no. 66821)

MARC details
000 -LEADER
fixed length control field 00427nam a22001457a 4500
005 - DATE AND TIME OF LATEST TRANSACTION
control field 20180802142215.0
020 ## - INTERNATIONAL STANDARD BOOK NUMBER
International Standard Book Number 8174453148
Terms of availability 350.00
035 ## - SYSTEM CONTROL NUMBER
System control number B-219763, B-219769
037 ## - SOURCE OF ACQUISITION
Stock number DPL
Source of stock number/acquisition ENG
100 ## - MAIN ENTRY--PERSONAL NAME
Personal name Dixit, Saurabh Kumar
245 ## - TITLE STATEMENT
Title Tourism and politics /
Statement of responsibility, etc by Saurabh Kumar Dixit
260 ## - PUBLICATION, DISTRIBUTION, ETC. (IMPRINT)
Place of publication, distribution, etc New Delhi
Name of publisher, distributor, etc Mohit Publications
Date of publication, distribution, etc 2005
300 ## - PHYSICAL DESCRIPTION
Extent iii, 169p.
Dimensions 20 cms.
942 ## - ADDED ENTRY ELEMENTS (KOHA)
Source of classification or shelving scheme Dewey Decimal Classification
Item type English Books
Classification part 338.4791
Call number suffix DIX
Holdings
Withdrawn status Lost status Not for loan Collection code Home library Current library Date acquired Cost, normal purchase price Full call number Barcode Cost, replacement price Koha item type Source of acquisition
      Non-fiction Sarojini Nagar Sarojini Nagar 17/05/2012 350.00 338.4791 DIX B-219763 350.00 English Books  
      Non-fiction Sarojini Nagar Sarojini Nagar 09/02/2019   338.4791 DIX B-219766   English Books  
      Non-fiction Shahdara Branch Shahdara Branch 02/08/2018 350.00 338.4791 DIX B-219769 350.00 English Books BPPD/PUB

© Delhi Public Library
Hit Counter
free hit counter